Masnavi baagh-e-Iram (Record no. 456108)

MARC details
000 -LEADER
fixed length control field 00552nam a2200229Ia 4500
003 - CONTROL NUMBER IDENTIFIER
control field OSt
005 - DATE AND TIME OF LATEST TRANSACTION
control field 20220924144112.0
008 - FIXED-LENGTH DATA ELEMENTS--GENERAL INFORMATION
fixed length control field 220923b |||||||| |||| 00| 0 pur d
037 ## - SOURCE OF ACQUISITION
Terms of availability Textual
040 ## - CATALOGING SOURCE
Original cataloging agency ARTS
Transcribing agency ARTS
Language of cataloging pur
041 ## - LANGUAGE CODE
Source of code pur
Language code of text/sound track or separate title pur
245 #0 - TITLE STATEMENT
Title Masnavi baagh-e-Iram
260 ## - PUBLICATION, DISTRIBUTION, ETC.
Date of publication, distribution, etc. 1960
650 ## - SUBJECT ADDED ENTRY--TOPICAL TERM
Topical term or geographic name entry element URDU POETRY
942 ## - ADDED ENTRY ELEMENTS (KOHA)
Classification part O164,1G07,11, 168K0
Koha item type Textual
Source of classification or shelving scheme Colon Classification (CC)
Holdings
Withdrawn status Lost status Damaged status Not for loan Home library Current library Date acquired Cost, normal purchase price Total Checkouts Full call number Barcode Date last seen Cost, replacement price Price effective from Koha item type
        Arts Library Arts Library 2022-09-24 12.75   O164,1G07,11 168K0 AL0190816 2022-09-24 12.75 2022-09-24 Textual
Copyright @ Delhi University Library System